000 00650nam a2200253Ia 4500
003 OSt
005 20220918165705.0
006 a|||||r|||| 00| 0
007 ta
008 220917b |||||||| |||| 00| 0 eng d
020 _a8170336422 (hbk)
024 _a156,061
037 _cTextual
040 _aARTS
_cARTS
_beng
041 _2eng
_aeng
082 _aY15:(Z), P1
100 _aGupta Krishna
_925157
245 0 _aWomen, law public opinion
260 _aJaipur
_bRawat Publications
_c2001
300 _a228p.
_ccm.
650 _aSOCIOLOGY
942 _hY15:(Z), P1
_cTEXL
_2CC
999 _c130743
_d130743